El bastardo Mudarra : (Record no. 145951)

MARC details
000 -LEADER
campo de control de longitud fija 01363nam a2200289 i 4500
001 - NÚMERO DE CONTROL
campo de control 145951
003 - IDENTIFICADOR DE NÚMERO DE CONTROL
campo de control ES-MaACL
005 - FECHA Y HORA DE LA ÚLTIMA TRANSACCIÓN
campo de control 20240529062945.0
007 - CAMPO FIJO DE DESCRIPCIÓN FÍSICA--INFORMACIÓN GENERAL
campo de control de longitud fija t|
008 - DATOS DE LONGITUD FIJA--INFORMACIÓN GENERAL
campo de control de longitud fija 071018s1864 sp |||| | spa d
040 ## - FUENTE DE CATALOGACIÓN
Centro/agencia transcriptor ES-MaACL
080 ## - NÚMERO DE LA CLASIFICACIÓN DECIMAL UNIVERSAL
Número de la Clasificación Decimal Universal 821.134.2-23"15
100 1# - ENTRADA PRINCIPAL--NOMBRE DE PERSONA
Nombre de persona Vega, Lope de,
Fechas asociadas al nombre 1562-1635
Término indicativo de función/relación Autor
9 (RLIN) 113563
245 13 - MENCIÓN DEL TÍTULO
Título El bastardo Mudarra :
Resto del título comedia manuscrita y firmada en 27 de abril de 1612 /
Mención de responsabilidad, etc. Lope de Vega ; [facsímil del manuscrito autógrafo realizado por Francisco López Fabra].
260 ## - PUBLICACIÓN, DISTRIBUCIÓN, ETC.
Lugar de publicación, distribución, etc. Madrid :
Nombre del editor, distribuidor, etc. Sociedad Foto-Zincográfica,
Fecha de publicación, distribución, etc. [1864]
300 ## - DESCRIPCIÓN FÍSICA
Extensión 56 hojas ;
Dimensiones 27 cm.
500 ## - NOTA GENERAL
Nota general Reproducida por la Sociedad Foto-Zincográfica por encargo de Salustiano de Olózaga, en cuyo poder existe el original
501 ## - NOTA DE CON
Nota de "Con" Acompañado de una carta en fotolitocincografía de Salustiano de Olózaga, poseedor de la tragicomedia autógrafa del Fénix de los Ingenios, dirigida al Sr. D. Adelardo López de Ayala
530 ## - NOTA DISPONIBLE DE FORMULARIO FÍSICO ADICIONAL
Nota de formato físico adicional disponible Disponible en formato digital
700 1# - ENTRADA AGREGADA--NOMBRE PERSONAL
Nombre de persona López Fabra, Francisco.
9 (RLIN) 73629
700 1# - ENTRADA AGREGADA--NOMBRE PERSONAL
Nombre de persona Olózaga, Salustiano de,
Fechas asociadas al nombre 1805-1873
9 (RLIN) 87007
852 ## - LOCALIZACIÓN
Ubicación ES-MaACL
Ubicación en estantería Sala Pecera Planta 3
Número de control de estantería G-9744
856 ## - LOCALIZACIÓN Y ACCESO ELECTRÓNICOS
Identificador Uniforme de Recursos <a href="https://bvpb.mcu.es/es/consulta/registro.do?id=577765">https://bvpb.mcu.es/es/consulta/registro.do?id=577765</a>
Texto de enlace Versión en línea
Nota pública (Biblioteca Virtual del Patrimonio Bibliográfico)
942 ## - ELEMENTOS DE ENTRADA SECUNDARIOS (KOHA)
Tipo de ítem Koha Libro impreso antiguo
Suprimir en OPAC No
Holdings
Estatus retirado Estado de pérdida Estado de daño No para préstamo Colección Biblioteca de origen Biblioteca actual Ubicación en estantería Fecha de adquisición Fuente de adquisición Total de préstamos Signatura topográfica completa Código de barras Visto por última vez Precio de reemplazo Tipo de ítem Koha
        Colección digital Biblioteca del Ateneo de Madrid Biblioteca del Ateneo de Madrid Sala Pecera Planta 3 17/01/2008     G-9744 1152342 23/02/2023 23/02/2023 Libro impreso antiguo